ბათუმის შოთა რუსთაველის სახელმწიფო უნივერსიტეტის ბიბლიოთეკა

Junqueira's Basic Histology : (ბიბ.ჩანაწერი № 53641)

000 -LEADER
fixed length control field 00882nam a2200265Ia 4500
001 - CONTROL NUMBER
control field 20688
003 - CONTROL NUMBER IDENTIFIER
control field GE_BSU
005 - DATE AND TIME OF LATEST TRANSACTION
control field 20210304142953.0
008 - FIXED-LENGTH DATA ELEMENTS--GENERAL INFORMATION
fixed length control field 181216s2018||||xx |||||||||||||| ||eng||
020 ## - INTERNATIONAL STANDARD BOOK NUMBER
International Standard Book Number 9781259072321
040 ## - CATALOGING SOURCE
Transcribing agency GE_BSU
041 ## - LANGUAGE CODE
Language code of text/sound track or separate title eng
080 ## - UNIVERSAL DECIMAL CLASSIFICATION NUMBER
Universal Decimal Classification number 611.018 M-60
100 ## - MAIN ENTRY--PERSONAL NAME
Personal name Mescher, Anthony L.
9 (RLIN) 10334
245 ## - TITLE STATEMENT
Title Junqueira's Basic Histology :
Remainder of title Text and Atlas /
Statement of responsibility, etc. Mescher, Anthony L.
250 ## - EDITION STATEMENT
Edition statement Thirteenth edition
264 ## - PRODUCTION, PUBLICATION, DISTRIBUTION, MANUFACTURE, AND COPYRIGHT NOTICE
Place of production, publication, distribution, manufacture New York
Name of producer, publisher, distributor, manufacturer McGraw hill,
Date of production, publication, distribution, manufacture, or copyright notice 2013.
300 ## - PHYSICAL DESCRIPTION
Extent 544 p. :
Other physical details CD-ROM INCLUDED ;
Dimensions 28cm.
653 ## - INDEX TERM--UNCONTROLLED
keyword Junqueira's Basic Histology : Text and Atlas
653 ## - INDEX TERM--UNCONTROLLED
keyword The histology text the medical field turns to first -- authoritative, concise, beautifully illustrated, and completely up-to-date
653 ## - INDEX TERM--UNCONTROLLED
keyword მედიცინა
653 ## - INDEX TERM--UNCONTROLLED
keyword ჰისტოლოგია
942 ## - ADDED ENTRY ELEMENTS (KOHA)
Koha item type წიგნი
Source of classification or shelving scheme
ეგზემპლარები
Withdrawn status Lost status Source of classification or shelving scheme Damaged status Not for loan Permanent Location Current Location Shelving location Date acquired Cost, normal purchase price Full call number Barcode Date last seen Copy number Price effective from Koha item type Public note
          ბათუმის შოთა რუსთაველის სახელმწიფო უნივერსიტეტის მთავარი ბიბლიოთეკა ბათუმის შოთა რუსთაველის სახელმწიფო უნივერსიტეტის მთავარი ბიბლიოთეკა წიგნსაცავი 2018-12-17 77.00 611.018 M-60 53954 2018-12-17 53954 2018-12-17 წიგნი 77.00 GEL.
          ბათუმის შოთა რუსთაველის სახელმწიფო უნივერსიტეტის მთავარი ბიბლიოთეკა ბათუმის შოთა რუსთაველის სახელმწიფო უნივერსიტეტის მთავარი ბიბლიოთეკა წიგნსაცავი 2018-12-17 77.00 611.018 M-60 53955 2018-12-17 53955 2018-12-17 წიგნი 77.00 GEL.
          ბათუმის შოთა რუსთაველის სახელმწიფო უნივერსიტეტის მთავარი ბიბლიოთეკა ბათუმის შოთა რუსთაველის სახელმწიფო უნივერსიტეტის მთავარი ბიბლიოთეკა წიგნსაცავი 2018-12-17 77.00 611.018 M-60 53956 2018-12-17 53956 2018-12-17 წიგნი 77.00 GEL.
          ბათუმის შოთა რუსთაველის სახელმწიფო უნივერსიტეტის მთავარი ბიბლიოთეკა ბათუმის შოთა რუსთაველის სახელმწიფო უნივერსიტეტის მთავარი ბიბლიოთეკა წიგნსაცავი 2018-12-17 77.00 611.018 M-60 53957 2018-12-17 53957 2018-12-17 წიგნი 77.00 GEL.
          ბათუმის შოთა რუსთაველის სახელმწიფო უნივერსიტეტის მთავარი ბიბლიოთეკა ბათუმის შოთა რუსთაველის სახელმწიფო უნივერსიტეტის მთავარი ბიბლიოთეკა წიგნსაცავი 2018-12-17 77.00 611.018 M-60 53958 2018-12-17 53958 2018-12-17 წიგნი 77.00 GEL.
          ბათუმის შოთა რუსთაველის სახელმწიფო უნივერსიტეტის მთავარი ბიბლიოთეკა ბათუმის შოთა რუსთაველის სახელმწიფო უნივერსიტეტის მთავარი ბიბლიოთეკა წიგნსაცავი 2018-12-17 77.00 611.018 M-60 53959 2018-12-17 53959 2018-12-17 წიგნი 77.00 GEL.
          ბათუმის შოთა რუსთაველის სახელმწიფო უნივერსიტეტის მთავარი ბიბლიოთეკა ბათუმის შოთა რუსთაველის სახელმწიფო უნივერსიტეტის მთავარი ბიბლიოთეკა წიგნსაცავი 2018-12-17 77.00 611.018 M-60 53960 2018-12-17 53960 2018-12-17 წიგნი 77.00 GEL.